000 00252nam a2200109Ia 4500
008 200302s9999 xx 000 0 und d
100 _aNina Rao
245 _aHimalayan desert
260 _bRoli and Janssen B V Published
260 _c2007
300 _a125
999 _c6451
_d6451